<?xml version="1.0" encoding="UTF-8"?>
<marc:record xmlns:marc="http://www.loc.gov/MARC21/slim" type="Bibliographic">
   <marc:leader>00000pam a2200000 c 4500</marc:leader>
   <marc:controlfield tag="001">1132149193</marc:controlfield>
   <marc:controlfield tag="003">DE-101</marc:controlfield>
   <marc:controlfield tag="005">20190301200052.0</marc:controlfield>
   <marc:controlfield tag="007">tu</marc:controlfield>
   <marc:controlfield tag="008">170516s2018    sz ||||| |||| 00||||ger  </marc:controlfield>
   <marc:datafield ind1=" " ind2=" " tag="015">
      <marc:subfield code="a">19,A09</marc:subfield>
      <marc:subfield code="z">17,N21</marc:subfield>
      <marc:subfield code="2">dnb</marc:subfield>
   </marc:datafield>
   <marc:datafield ind1="7" ind2=" " tag="016">
      <marc:subfield code="2">DE-101</marc:subfield>
      <marc:subfield code="a">1132149193</marc:subfield>
   </marc:datafield>
   <marc:datafield ind1=" " ind2=" " tag="020">
      <marc:subfield code="a">9783038500421</marc:subfield>
      <marc:subfield code="c">Festeinband : EUR 48.00 (DE), EUR 48.00 (AT), CHF 54.00 (freier Preis)</marc:subfield>
      <marc:subfield code="9">978-3-03850-042-1</marc:subfield>
   </marc:datafield>
   <marc:datafield ind1=" " ind2=" " tag="020">
      <marc:subfield code="a">3038500429</marc:subfield>
      <marc:subfield code="9">3-03850-042-9</marc:subfield>
   </marc:datafield>
   <marc:datafield ind1="3" ind2=" " tag="024">
      <marc:subfield code="a">9783038500421</marc:subfield>
   </marc:datafield>
   <marc:datafield ind1=" " ind2=" " tag="035">
      <marc:subfield code="a">(DE-599)DNB1132149193</marc:subfield>
   </marc:datafield>
   <marc:datafield ind1=" " ind2=" " tag="035">
      <marc:subfield code="a">(OCoLC)988179176</marc:subfield>
   </marc:datafield>
   <marc:datafield ind1=" " ind2=" " tag="040">
      <marc:subfield code="a">1145</marc:subfield>
      <marc:subfield code="b">ger</marc:subfield>
      <marc:subfield code="c">DE-101</marc:subfield>
      <marc:subfield code="d">1170</marc:subfield>
      <marc:subfield code="e">rda</marc:subfield>
   </marc:datafield>
   <marc:datafield ind1=" " ind2=" " tag="041">
      <marc:subfield code="a">ger</marc:subfield>
   </marc:datafield>
   <marc:datafield ind1=" " ind2=" " tag="044">
      <marc:subfield code="c">XA-CH</marc:subfield>
   </marc:datafield>
   <marc:datafield ind1="0" ind2="4" tag="082">
      <marc:subfield code="8">1\u</marc:subfield>
      <marc:subfield code="a">709.2</marc:subfield>
      <marc:subfield code="q">DE-101</marc:subfield>
      <marc:subfield code="2">23/ger</marc:subfield>
   </marc:datafield>
   <marc:datafield ind1="7" ind2=" " tag="083">
      <marc:subfield code="a">700</marc:subfield>
      <marc:subfield code="a">792</marc:subfield>
      <marc:subfield code="q">DE-101</marc:subfield>
      <marc:subfield code="2">23sdnb</marc:subfield>
   </marc:datafield>
   <marc:datafield ind1=" " ind2=" " tag="085">
      <marc:subfield code="8">1\u</marc:subfield>
      <marc:subfield code="b">709.2</marc:subfield>
   </marc:datafield>
   <marc:datafield ind1=" " ind2=" " tag="085">
      <marc:subfield code="8">1\u</marc:subfield>
      <marc:subfield code="b">700</marc:subfield>
   </marc:datafield>
   <marc:datafield ind1=" " ind2=" " tag="085">
      <marc:subfield code="8">1\u</marc:subfield>
      <marc:subfield code="z">1</marc:subfield>
      <marc:subfield code="s">092</marc:subfield>
   </marc:datafield>
   <marc:datafield ind1=" " ind2=" " tag="090">
      <marc:subfield code="a">b</marc:subfield>
   </marc:datafield>
   <marc:datafield ind1="0" ind2="0" tag="245">
      <marc:subfield code="a">Emil Pirchan</marc:subfield>
      <marc:subfield code="b">ein Universalkünstler des 20. Jahrhunderts : Bühnenbildner, Graphiker, Architekt, Designer</marc:subfield>
      <marc:subfield code="c">herausgegeben von Beat Steffan ; mit Textbeiträgen von René Grohnert [und 10 weitere]</marc:subfield>
   </marc:datafield>
   <marc:datafield ind1=" " ind2=" " tag="250">
      <marc:subfield code="a">Erste Auflage</marc:subfield>
   </marc:datafield>
   <marc:datafield ind1=" " ind2=" " tag="259">
      <marc:subfield code="a">11</marc:subfield>
   </marc:datafield>
   <marc:datafield ind1=" " ind2="1" tag="264">
      <marc:subfield code="a">Wädenswil am Zürichsee</marc:subfield>
      <marc:subfield code="b">Nimbus. Kunst und Bücher AG</marc:subfield>
      <marc:subfield code="c">2018</marc:subfield>
   </marc:datafield>
   <marc:datafield ind1=" " ind2=" " tag="300">
      <marc:subfield code="a">367 Seiten</marc:subfield>
      <marc:subfield code="b">Illustrationen</marc:subfield>
      <marc:subfield code="c">32 cm</marc:subfield>
   </marc:datafield>
   <marc:datafield ind1=" " ind2=" " tag="336">
      <marc:subfield code="a">Text</marc:subfield>
      <marc:subfield code="b">txt</marc:subfield>
      <marc:subfield code="2">rdacontent</marc:subfield>
   </marc:datafield>
   <marc:datafield ind1=" " ind2=" " tag="337">
      <marc:subfield code="a">ohne Hilfsmittel zu benutzen</marc:subfield>
      <marc:subfield code="b">n</marc:subfield>
      <marc:subfield code="2">rdamedia</marc:subfield>
   </marc:datafield>
   <marc:datafield ind1=" " ind2=" " tag="338">
      <marc:subfield code="a">Band</marc:subfield>
      <marc:subfield code="b">nc</marc:subfield>
      <marc:subfield code="2">rdacarrier</marc:subfield>
   </marc:datafield>
   <marc:datafield ind1="1" ind2="7" tag="600">
      <marc:subfield code="0">(DE-588)118594559</marc:subfield>
      <marc:subfield code="0">http://d-nb.info/gnd/118594559</marc:subfield>
      <marc:subfield code="0">(DE-101)118594559</marc:subfield>
      <marc:subfield code="a">Pirchan, Emil</marc:subfield>
      <marc:subfield code="d">1884-1957</marc:subfield>
      <marc:subfield code="2">gnd</marc:subfield>
   </marc:datafield>
   <marc:datafield ind1=" " ind2="7" tag="650">
      <marc:subfield code="0">(DE-588)4008738-4</marc:subfield>
      <marc:subfield code="0">http://d-nb.info/gnd/4008738-4</marc:subfield>
      <marc:subfield code="0">(DE-101)040087387</marc:subfield>
      <marc:subfield code="a">Bühnenbild</marc:subfield>
      <marc:subfield code="2">gnd</marc:subfield>
   </marc:datafield>
   <marc:datafield ind1=" " ind2="7" tag="650">
      <marc:subfield code="0">(DE-588)4021845-4</marc:subfield>
      <marc:subfield code="0">http://d-nb.info/gnd/4021845-4</marc:subfield>
      <marc:subfield code="0">(DE-101)040218457</marc:subfield>
      <marc:subfield code="a">Grafik</marc:subfield>
      <marc:subfield code="2">gnd</marc:subfield>
   </marc:datafield>
   <marc:datafield ind1=" " ind2="7" tag="650">
      <marc:subfield code="0">(DE-588)4002851-3</marc:subfield>
      <marc:subfield code="0">http://d-nb.info/gnd/4002851-3</marc:subfield>
      <marc:subfield code="0">(DE-101)040028518</marc:subfield>
      <marc:subfield code="a">Architektur</marc:subfield>
      <marc:subfield code="2">gnd</marc:subfield>
   </marc:datafield>
   <marc:datafield ind1=" " ind2="7" tag="650">
      <marc:subfield code="0">(DE-588)4011510-0</marc:subfield>
      <marc:subfield code="0">http://d-nb.info/gnd/4011510-0</marc:subfield>
      <marc:subfield code="0">(DE-101)040115100</marc:subfield>
      <marc:subfield code="a">Design</marc:subfield>
      <marc:subfield code="2">gnd</marc:subfield>
   </marc:datafield>
   <marc:datafield ind1=" " ind2=" " tag="653">
      <marc:subfield code="a">(Produktform)Hardback</marc:subfield>
   </marc:datafield>
   <marc:datafield ind1=" " ind2=" " tag="653">
      <marc:subfield code="a">(Zielgruppe)Allgemein</marc:subfield>
   </marc:datafield>
   <marc:datafield ind1=" " ind2=" " tag="653">
      <marc:subfield code="a">(Produktform (spezifisch))Sewn</marc:subfield>
   </marc:datafield>
   <marc:datafield ind1=" " ind2=" " tag="653">
      <marc:subfield code="a">(DDC-Sachgruppen der Deutschen Nationalbibliografie)700</marc:subfield>
   </marc:datafield>
   <marc:datafield ind1=" " ind2=" " tag="653">
      <marc:subfield code="a">Bühnenbild</marc:subfield>
   </marc:datafield>
   <marc:datafield ind1=" " ind2=" " tag="653">
      <marc:subfield code="a">Maler</marc:subfield>
   </marc:datafield>
   <marc:datafield ind1=" " ind2=" " tag="653">
      <marc:subfield code="a">Plakat</marc:subfield>
   </marc:datafield>
   <marc:datafield ind1=" " ind2=" " tag="653">
      <marc:subfield code="a">Zeichnung</marc:subfield>
   </marc:datafield>
   <marc:datafield ind1=" " ind2=" " tag="653">
      <marc:subfield code="a">(VLB-WN)1580: Hardcover, Softcover / Kunst</marc:subfield>
   </marc:datafield>
   <marc:datafield ind1="0" ind2="0" tag="689">
      <marc:subfield code="0">(DE-588)118594559</marc:subfield>
      <marc:subfield code="0">http://d-nb.info/gnd/118594559</marc:subfield>
      <marc:subfield code="0">(DE-101)118594559</marc:subfield>
      <marc:subfield code="D">p</marc:subfield>
      <marc:subfield code="a">Pirchan, Emil</marc:subfield>
      <marc:subfield code="d">1884-1957</marc:subfield>
   </marc:datafield>
   <marc:datafield ind1="0" ind2="1" tag="689">
      <marc:subfield code="0">(DE-588)4008738-4</marc:subfield>
      <marc:subfield code="0">http://d-nb.info/gnd/4008738-4</marc:subfield>
      <marc:subfield code="0">(DE-101)040087387</marc:subfield>
      <marc:subfield code="D">s</marc:subfield>
      <marc:subfield code="a">Bühnenbild</marc:subfield>
   </marc:datafield>
   <marc:datafield ind1="0" ind2="2" tag="689">
      <marc:subfield code="0">(DE-588)4021845-4</marc:subfield>
      <marc:subfield code="0">http://d-nb.info/gnd/4021845-4</marc:subfield>
      <marc:subfield code="0">(DE-101)040218457</marc:subfield>
      <marc:subfield code="D">s</marc:subfield>
      <marc:subfield code="a">Grafik</marc:subfield>
   </marc:datafield>
   <marc:datafield ind1="0" ind2="3" tag="689">
      <marc:subfield code="0">(DE-588)4002851-3</marc:subfield>
      <marc:subfield code="0">http://d-nb.info/gnd/4002851-3</marc:subfield>
      <marc:subfield code="0">(DE-101)040028518</marc:subfield>
      <marc:subfield code="D">s</marc:subfield>
      <marc:subfield code="a">Architektur</marc:subfield>
   </marc:datafield>
   <marc:datafield ind1="0" ind2="4" tag="689">
      <marc:subfield code="0">(DE-588)4011510-0</marc:subfield>
      <marc:subfield code="0">http://d-nb.info/gnd/4011510-0</marc:subfield>
      <marc:subfield code="0">(DE-101)040115100</marc:subfield>
      <marc:subfield code="D">s</marc:subfield>
      <marc:subfield code="a">Design</marc:subfield>
   </marc:datafield>
   <marc:datafield ind1="0" ind2=" " tag="689">
      <marc:subfield code="5">DE-101</marc:subfield>
      <marc:subfield code="5">DE-101</marc:subfield>
   </marc:datafield>
   <marc:datafield ind1="1" ind2=" " tag="700">
      <marc:subfield code="0">(DE-588)117481599X</marc:subfield>
      <marc:subfield code="0">http://d-nb.info/gnd/117481599X</marc:subfield>
      <marc:subfield code="0">(DE-101)117481599X</marc:subfield>
      <marc:subfield code="a">Steffan, Beat</marc:subfield>
      <marc:subfield code="d">1964-</marc:subfield>
      <marc:subfield code="e">Herausgeber</marc:subfield>
      <marc:subfield code="4">edt</marc:subfield>
      <marc:subfield code="e">Verfasser von Zusatztexten</marc:subfield>
      <marc:subfield code="4">wat</marc:subfield>
   </marc:datafield>
   <marc:datafield ind1="1" ind2=" " tag="700">
      <marc:subfield code="0">(DE-588)1041887043</marc:subfield>
      <marc:subfield code="0">http://d-nb.info/gnd/1041887043</marc:subfield>
      <marc:subfield code="0">(DE-101)1041887043</marc:subfield>
      <marc:subfield code="a">Grohnert, René</marc:subfield>
      <marc:subfield code="d">1956-</marc:subfield>
      <marc:subfield code="e">Verfasser von Zusatztexten</marc:subfield>
      <marc:subfield code="4">wat</marc:subfield>
   </marc:datafield>
   <marc:datafield ind1="1" ind2=" " tag="700">
      <marc:subfield code="a">Ifkovits, Kurt</marc:subfield>
      <marc:subfield code="e">Verfasser von Zusatztexten</marc:subfield>
      <marc:subfield code="4">wat</marc:subfield>
   </marc:datafield>
   <marc:datafield ind1="1" ind2=" " tag="700">
      <marc:subfield code="a">Lesák, Barbara</marc:subfield>
      <marc:subfield code="e">Verfasser von Zusatztexten</marc:subfield>
      <marc:subfield code="4">wat</marc:subfield>
   </marc:datafield>
   <marc:datafield ind1="1" ind2=" " tag="700">
      <marc:subfield code="a">Ludvová, Jitka</marc:subfield>
      <marc:subfield code="e">Verfasser von Zusatztexten</marc:subfield>
      <marc:subfield code="4">wat</marc:subfield>
   </marc:datafield>
   <marc:datafield ind1="1" ind2=" " tag="700">
      <marc:subfield code="a">Mühlegger-Henhapel, Christiane</marc:subfield>
      <marc:subfield code="e">Verfasser von Zusatztexten</marc:subfield>
      <marc:subfield code="4">wat</marc:subfield>
   </marc:datafield>
   <marc:datafield ind1="1" ind2=" " tag="700">
      <marc:subfield code="a">Pisarik, Sonja</marc:subfield>
      <marc:subfield code="e">Verfasser von Zusatztexten</marc:subfield>
      <marc:subfield code="4">wat</marc:subfield>
   </marc:datafield>
   <marc:datafield ind1="1" ind2=" " tag="700">
      <marc:subfield code="a">Preisker, Julia</marc:subfield>
      <marc:subfield code="e">Verfasser von Zusatztexten</marc:subfield>
      <marc:subfield code="4">wat</marc:subfield>
   </marc:datafield>
   <marc:datafield ind1="1" ind2=" " tag="700">
      <marc:subfield code="a">Resch, Daniel</marc:subfield>
      <marc:subfield code="e">Verfasser von Zusatztexten</marc:subfield>
      <marc:subfield code="4">wat</marc:subfield>
   </marc:datafield>
   <marc:datafield ind1="1" ind2=" " tag="700">
      <marc:subfield code="a">Seebald, Katja</marc:subfield>
      <marc:subfield code="e">Verfasser von Zusatztexten</marc:subfield>
      <marc:subfield code="4">wat</marc:subfield>
   </marc:datafield>
   <marc:datafield ind1="1" ind2=" " tag="700">
      <marc:subfield code="a">Steiner-Strauss, Alexandra</marc:subfield>
      <marc:subfield code="e">Verfasser von Zusatztexten</marc:subfield>
      <marc:subfield code="4">wat</marc:subfield>
   </marc:datafield>
   <marc:datafield ind1="2" ind2=" " tag="710">
      <marc:subfield code="0">(DE-588)1065220065</marc:subfield>
      <marc:subfield code="0">http://d-nb.info/gnd/1065220065</marc:subfield>
      <marc:subfield code="0">(DE-101)1065220065</marc:subfield>
      <marc:subfield code="a">NIMBUS. Kunst und Bücher</marc:subfield>
      <marc:subfield code="e">Verlag</marc:subfield>
      <marc:subfield code="4">pbl</marc:subfield>
   </marc:datafield>
   <marc:datafield ind1="0" ind2="8" tag="775">
      <marc:subfield code="i">Parallele Sprachausgabe</marc:subfield>
      <marc:subfield code="n">englisch</marc:subfield>
      <marc:subfield code="t">Emil Pirchan</marc:subfield>
      <marc:subfield code="d">Wädenswil am Zürichsee : Nimbus. Kunst und Bücher AG, 2018</marc:subfield>
      <marc:subfield code="h">367 Seiten, Illustrationen</marc:subfield>
      <marc:subfield code="w">(DE-101)1135618976</marc:subfield>
      <marc:subfield code="b">First edition</marc:subfield>
   </marc:datafield>
   <marc:datafield ind1=" " ind2=" " tag="850">
      <marc:subfield code="a">DE-101a</marc:subfield>
   </marc:datafield>
   <marc:datafield ind1="r" ind2=" " tag="925">
      <marc:subfield code="a">ra</marc:subfield>
   </marc:datafield>
   <marc:datafield ind1="2" ind2=" " tag="926">
      <marc:subfield code="a">AKD</marc:subfield>
      <marc:subfield code="o">93</marc:subfield>
      <marc:subfield code="q">Publisher</marc:subfield>
      <marc:subfield code="v">1.2</marc:subfield>
      <marc:subfield code="x">Typografie und Schrift</marc:subfield>
   </marc:datafield>
   <marc:datafield ind1="2" ind2=" " tag="926">
      <marc:subfield code="a">AKLB</marc:subfield>
      <marc:subfield code="o">93</marc:subfield>
      <marc:subfield code="q">Publisher</marc:subfield>
      <marc:subfield code="v">1.2</marc:subfield>
      <marc:subfield code="x">Illustration</marc:subfield>
   </marc:datafield>
   <marc:datafield ind1="2" ind2=" " tag="926">
      <marc:subfield code="a">AKLP</marc:subfield>
      <marc:subfield code="o">93</marc:subfield>
      <marc:subfield code="q">Publisher</marc:subfield>
      <marc:subfield code="v">1.2</marc:subfield>
      <marc:subfield code="x">Plakatkunst</marc:subfield>
   </marc:datafield>
   <marc:datafield ind1="2" ind2=" " tag="926">
      <marc:subfield code="a">AKP</marc:subfield>
      <marc:subfield code="o">93</marc:subfield>
      <marc:subfield code="q">Publisher</marc:subfield>
      <marc:subfield code="v">1.2</marc:subfield>
      <marc:subfield code="x">Produktdesign</marc:subfield>
   </marc:datafield>
   <marc:datafield ind1="2" ind2=" " tag="926">
      <marc:subfield code="a">AKR</marc:subfield>
      <marc:subfield code="o">93</marc:subfield>
      <marc:subfield code="q">Publisher</marc:subfield>
      <marc:subfield code="v">1.2</marc:subfield>
      <marc:subfield code="x">Möbeldesign</marc:subfield>
   </marc:datafield>
   <marc:datafield ind1="2" ind2=" " tag="926">
      <marc:subfield code="a">AMB</marc:subfield>
      <marc:subfield code="o">93</marc:subfield>
      <marc:subfield code="q">Publisher</marc:subfield>
      <marc:subfield code="v">1.2</marc:subfield>
      <marc:subfield code="x">Einzelne Architekten und Architekturbüros</marc:subfield>
   </marc:datafield>
   <marc:datafield ind1="2" ind2=" " tag="926">
      <marc:subfield code="a">AMR</marc:subfield>
      <marc:subfield code="o">93</marc:subfield>
      <marc:subfield code="q">Publisher</marc:subfield>
      <marc:subfield code="v">1.2</marc:subfield>
      <marc:subfield code="x">Architektur: Innenarchitektur</marc:subfield>
   </marc:datafield>
   <marc:datafield ind1="2" ind2=" " tag="926">
      <marc:subfield code="a">AKB</marc:subfield>
      <marc:subfield code="o">93</marc:subfield>
      <marc:subfield code="q">Publisher</marc:subfield>
      <marc:subfield code="v">1.2</marc:subfield>
      <marc:subfield code="x">einzelne Designer</marc:subfield>
   </marc:datafield>
</marc:record>
